00903nam a2200205 a 450000100100000000500170001000800410002702000180006804000250008624501230011126001140023430000210034849000630036950400310043270000330046383000690049604900090056595201060057499900170068000003387120200930070603.0110914s2008 ag 000 0 spa d a9789508150983 aDO-SdBNPbspacBNPHU03aLa palabra oculta :bmonjas escritoras en la Hispanoamérica colonial /cÍride María Rossi de Fiori ... [et al.]. aArgentina :bEdiciones Universidad Católica de SaltabEditorial Biblioteca de Textos Universitarios,c2008. a547 p. ;c24 cm.1 aBiblioteca de textos universitarios. Sección especialv5 aBibliografía: p. 531-5411 aRossi de Fiori, Iride959299 0aBiblioteca de textos universitarios Sección especialv5959300 aBNPD 0010507-18MOaGRbGRcOId2011-09-14iLF1l0o p33871-10r2020-06-25w2020-06-25y1ZNo se presta c33362d33362